Statistics for Babysitters Club Members - Ann M Martin Books

Click here to take the quiz!

General Stats

  • This quiz has been taken 111 times
  • The average score is 7 of 10

Answer Stats

HintAnswer% Correct
Vice-President, meetings were held in her roomClaudia Kishi
97%
President, known for her great ideasKristy Thomas
95%
Secretary, very shy but has a boyfriendMaryanne Spier
95%
Original treasurer, from NYCStacey McGill
91%
Step-sister of the secretary, held many positions in the clubDawn Schafer
90%
One of the junior officers, and eldest of eight childrenMallory Pike
77%
Another junior officer, and an amazing dancerJessi Ramsey
66%
Only male member of the club, and boyfriend of the secretaryLogan Bruno
64%
An associate member, originally seen as a snobShannon Kilbourne
33%
Joined the club in book 90 as the new Alternate OfficerAbby Stevenson
25%

Score Distribution

Percentile by Number Answered

Percent of People with Each Score

Your Score History

You have not taken this quiz